00939 2200301 4500001002100000005001500021035002000036007000300056008004100059336002100100337002300121338003800144040002200182245004200204300003100246020002200277082001600299084001800315264004400333500006900377650002300446850001200469856007500481852002000556100001700576990002200593990002200615INLIS00000000086645120211109104538 a0010-1121000532ta210705s2013 jkia gs ind d 2rdacontentateks 2rdamediaakomputer 2rdacarrierasumber sambung jaring aYOPDYOGbinderda10aCowok siap nikah dan jadi ayah /cAga a1 berkas komputer (3,4 MB) a978-602-02-1911-004223a297.431 a297.431 AGA c31aJakarta :bElex Media Komputindo,c2013 aUntuk mengakses buku ini silakan unduh aplikasi http://ijogja.id 4aPernikahan (Islam) aYOPDYOG nPerpustakaan Digital iJogjauhttp://iJogja.id/publications/books/20464 aaplikasi iJogja0 aAgaepenulis a001301-EPD/B.2017 a001302-EPD/B.2017